Asterix and the soothsayer

Bibliographic Details
Format: Book
Published: London : Hodder Dargaud , 1990

MARC

LEADER 00000cam a2200000 7i4500
001 0000003404
002 000003671
005 20000330.0
020 |a 0340206977 
090 0 0 |a C   |b AST 
245 0 0 |a Asterix and the soothsayer   |c text by Goscinny 
260 |a London :   |b Hodder Dargaud ,   |c 1990 
300 |a 48p. ;   |c 29cm. 
999 |a 036946   |b BUKU   |c CARTOON   |e PERPUSTAKAAN KOMUNITI PETALING JAYA